| 000 | 00531nam a22001817a 4500 | ||
|---|---|---|---|
| 005 | 20140610123149.0 | ||
| 010 | _aENG-110149 | ||
| 020 |
_a9788184301311 _c250.00 |
||
| 035 | _aEN-93681 | ||
| 037 | _bDBAD/PUB | ||
| 082 | _a355.02 | ||
| 100 | _aBali, V.K. | ||
| 245 |
_aMilitary wisdom : _cby V.K. Bali _bmilitary quotes on war, peace and valour / |
||
| 260 |
_aNew Delhi _bOcean Books _c2013 |
||
| 270 |
_a4/19 Asaf Ali Road _bNew Delhi _e110002 |
||
| 300 |
_a192p. _c22cm(Hb) |
||
| 942 |
_2ddc _cEN _mBAL _h355.02 |
||
| 999 |
_c84872 _d84872 |
||